| 000 | 00545nam a2200181 4500 | ||
|---|---|---|---|
| 001 | 139323 | ||
| 003 | ES-MaACL | ||
| 005 | 20251003063128.0 | ||
| 007 | t| | ||
| 008 | 070214s1952 sp r ||||1| spa d | ||
| 100 | 1 |
_aScott, Walter, _cSir, _d1771-1832 _9104957 |
|
| 245 | 1 | 0 |
_aIvanhoe _b: novela / _cWalter Scott ; [traducción del inglés por E. Vallés]. |
| 260 |
_aBarcelona : _bAyma, _c1952. |
||
| 300 |
_a293 p. ; _c23 cm. |
||
| 700 | 1 |
_aVallés, E. _9112872 |
|
| 852 |
_aES-MaACL _jC-7790 _bR.34082 |
||
| 999 |
_c139323 _d139323 |
||